| 000 | 00731nam a22002297a 4500 | ||
|---|---|---|---|
| 003 | BD-DhJNU | ||
| 005 | 20250708060912.0 | ||
| 008 | 250708b |||||||| |||| 00| 0 eng d | ||
| 020 | _a9780748640249 | ||
| 020 | _a9780748640232 | ||
| 040 |
_aBD-DhJNU _bENG _cBD-DhJNU _dBD-DhJNU |
||
| 082 |
_223 _a791.43658 SCA |
||
| 100 | _aScott, Ian | ||
| 245 |
_aAmerican politics in Hollywood film / _cIan Scott |
||
| 250 | _a2nd ed. | ||
| 260 |
_aEdinburgh : _bEdinburgh University Press, _c2000. |
||
| 300 |
_aviii, 184p. : _bill. ; _c23 cm. |
||
| 504 | _aIncludes bibliographical references and index | ||
| 650 | _aPolitics in motion pictures | ||
| 650 |
_aMotion pictures _xPolitical aspects _zUnited States |
||
| 942 |
_2ddc _cBK _n0 |
||
| 999 |
_c1872 _d1872 |
||